UBT Library

Student Stydy Guide Biology (Record no. 47535)

000 -LEADER
fixed length control field 00302nam a22001337a 4500
008 - FIXED-LENGTH DATA ELEMENTS--GENERAL INFORMATION
fixed length control field 180905b xxu||||| |||| 00| 0 eng d
020 ## - INTERNATIONAL STANDARD BOOK NUMBER
International Standard Book Number 9780805371550
041 ## - LANGUAGE CODE
Language code of text/sound track or separate title eng
080 ## - UNIVERSAL DECIMAL CLASSIFICATION NUMBER
Edition identifier 7 ED
Universal Decimal Classification number 573
100 ## - Rafti
Rafti 11
101 ## - Shkurtesa
Shkurtesa BIO
245 ## - TITLE STATEMENT
Title Student Stydy Guide Biology
Statement of responsibility, etc Reece,c
942 ## - ADDED ENTRY ELEMENTS (KOHA)
Source of classification or shelving scheme
Item type Books
Holdings
Withdrawn status Lost status Source of classification or shelving scheme Damaged status Not for loan Collection code Permanent location Current location Shelving location Date acquired Total Checkouts Full call number Barcode Date last seen Price effective from Koha item type
          Koleksioni i përgjithshem UBT - Lipjan UBT - Lipjan Koleksioni i përgjithshem 09/05/2018   573 REE 002-3012416 09/05/2018 09/05/2018 Books
UBT Library © 2015-2024. All rights reserved University Education for Business and Technology